[Event "MSR_ch16"]
[Site "?"]
[Date "2024.04.08"]
[Round "5.18"]
[White "Kluska, Lukas"]
[Black "Roman, Dominik"]
[Result "1/2-1/2"]
[BlackElo "1000"]
[WhiteElo "1619"]
[LiveChessVersion "1.4.8"]

1. c4 {[%clk 1:30:57]} e5 {[%clk 1:30:50]} 2. Nc3 {[%clk 1:31:12]} Bb4
{[%clk 1:28:15]} 3. e3 {[%clk 1:30:00]} Bxc3 {[%clk 1:28:35]} 4. bxc3
{[%clk 1:30:24]} d6 {[%clk 1:28:31]} 5. d4 {[%clk 1:30:28]} f6 {[%clk 1:28:27]}
6. Bd3 {[%clk 1:27:52]} Ne7 {[%clk 1:28:35]} 7. h3 {[%clk 1:23:01]} O-O
{[%clk 1:27:02]} 8. Ne2 {[%clk 1:21:54]} b6 {[%clk 1:25:31]} 9. O-O
{[%clk 1:21:25]} Bb7 {[%clk 1:25:38]} 10. Ng3 {[%clk 1:20:57]} Nd7
{[%clk 1:20:14]} 11. e4 {[%clk 1:14:55]} Qe8 {[%clk 1:15:54]} 12. Be3
{[%clk 1:12:05]} Qg6 {[%clk 1:15:54]} 13. Qh5 {[%clk 1:04:20]} Qxh5
{[%clk 1:11:22]} 14. Nxh5 {[%clk 1:04:43]} f5 {[%clk 1:11:35]} 15. Bg5
{[%clk 1:01:06]} Nf6 {[%clk 1:09:35]} 16. Bxf6 {[%clk 1:00:31]} gxf6
{[%clk 1:07:49]} 17. exf5 {[%clk 1:00:01]} Kh8 {[%clk 1:07:58]} 18. f3
{[%clk 0:57:17]} Rf7 {[%clk 1:07:24]} 19. Rae1 {[%clk 0:53:32]} Rg8
{[%clk 1:07:18]} 20. Rf2 {[%clk 0:48:13]} Rg5 {[%clk 1:05:39]} 21. g4
{[%clk 0:46:51]} exd4 {[%clk 0:59:40]} 22. cxd4 {[%clk 0:43:30]} Ba6
{[%clk 0:59:32]} 23. Rd2 {[%clk 0:38:31]} Nc6 {[%clk 0:58:50]} 24. Bf1
{[%clk 0:37:01]} Rg8 {[%clk 0:52:53]} 25. Nf4 {[%clk 0:34:57]} Ne7
{[%clk 0:52:39]} 26. a4 {[%clk 0:32:51]} Nxf5 {[%clk 0:52:37]} 27. Kf2
{[%clk 0:30:54]} Nh6 {[%clk 0:46:58]} 28. a5 {[%clk 0:27:34]} f5 {[%clk 0:43:26]}
29. g5 {[%clk 0:23:47]} Rxg5 {[%clk 0:41:59]} 30. Re8+ {[%clk 0:23:08]} Rg8
{[%clk 0:42:13]} 31. Re6 {[%clk 0:23:03]} Ng4+ {[%clk 0:39:28]} 32. hxg4
{[%clk 0:22:28]} fxg4 {[%clk 0:39:37]} 33. Nd5 {[%clk 0:22:07]} Rxf3+
{[%clk 0:38:37]} 34. Kg2 {[%clk 0:21:01]} Rxf1 {[%clk 0:32:25]} 35. Nxc7
{[%clk 0:16:41]} 1/2-1/2

[Event "MSR_ch16"]
[Site "?"]
[Date "2024.04.08"]
[Round "5.19"]
[White "Hanzel, Richard"]
[Black "Barta, Dominik"]
[Result "1/2-1/2"]
[BlackElo "1577"]
[WhiteElo "1555"]
[LiveChessVersion "1.4.8"]

1. d4 {[%clk 1:30:00]} f5 {[%clk 1:31:22]} 2. g3 {[%clk 1:30:48]} Nf6 3. Bg2 e6
{[%clk 1:31:40]} 4. c4 {[%clk 1:31:10]} d5 {[%clk 1:31:42]} 5. Nf3
{[%clk 1:31:26]} c6 {[%clk 1:32:05]} 6. O-O {[%clk 1:31:47]} Bd6 {[%clk 1:32:31]}
7. b3 {[%clk 1:28:05]} Qe7 {[%clk 1:32:52]} 8. Bb2 {[%clk 1:28:27]} O-O
{[%clk 1:32:58]} 9. Qc1 {[%clk 1:28:50]} b5 {[%clk 1:29:10]} 10. c5
{[%clk 1:25:15]} Bc7 {[%clk 1:29:48]} 11. b4 {[%clk 1:25:29]} 1/2-1/2

[Event "MSR_ch16"]
[Site "?"]
[Date "2024.04.08"]
[Round "5.20"]
[White "Geletka, Tomas"]
[Black "Vida, Gergo"]
[Result "0-1"]
[BlackElo "1674"]
[WhiteElo "1233"]
[LiveChessVersion "1.4.8"]

1. d4 Nf6 2. Bf4 g6 3. e3 Bg7 4. Bd3 d6 {[%clk 1:30:09]} 5. Nf3 {[%clk 1:31:30]}
Nbd7 {[%clk 1:29:35]} 6. Nbd2 {[%clk 1:29:34]} O-O {[%clk 1:27:46]} 7. c3
{[%clk 1:27:38]} c5 {[%clk 1:25:20]} 8. Qc2 {[%clk 1:26:00]} cxd4
{[%clk 1:24:07]} 9. cxd4 {[%clk 1:24:31]} b6 {[%clk 1:23:31]} 10. Qc6
{[%clk 1:18:30]} Rb8 {[%clk 1:21:11]} 11. O-O {[%clk 1:12:38]} Bb7
{[%clk 1:20:31]} 12. Qa4 {[%clk 1:09:04]} Ra8 {[%clk 1:16:53]} 13. Rac1
{[%clk 1:07:36]} a6 {[%clk 1:09:43]} 14. Rc2 {[%clk 1:02:53]} b5 {[%clk 1:09:53]}
15. Qb3 {[%clk 1:02:07]} Rc8 {[%clk 1:03:58]} 16. Rfc1 {[%clk 1:00:41]} Qb6
{[%clk 0:56:24]} 17. Rxc8 {[%clk 0:40:17]} Rxc8 {[%clk 0:55:15]} 18. Rxc8+
{[%clk 0:40:42]} Bxc8 {[%clk 0:55:37]} 19. Bg5 {[%clk 0:40:52]} Bb7
{[%clk 0:50:52]} 20. Bxf6 {[%clk 0:35:36]} Nxf6 {[%clk 0:49:20]} 21. a4
{[%clk 0:30:56]} Bc6 {[%clk 0:39:17]} 22. axb5 {[%clk 0:30:25]} Bxb5
{[%clk 0:33:15]} 23. Bxb5 Qxb5 {[%clk 0:33:11]} 24. Qxb5 {[%clk 0:30:47]} axb5
{[%clk 0:33:33]} 25. Kf1 {[%clk 0:30:56]} e6 {[%clk 0:32:47]} 26. Ke2
{[%clk 0:29:49]} Bf8 {[%clk 0:31:48]} 27. h3 {[%clk 0:28:44]} Be7
{[%clk 0:30:42]} 28. Ng5 {[%clk 0:27:20]} h6 {[%clk 0:22:16]} 29. Nge4
{[%clk 0:27:13]} Kf8 {[%clk 0:20:17]} 30. Nxf6 {[%clk 0:27:01]} Bxf6
{[%clk 0:20:29]} 31. Nb1 {[%clk 0:27:26]} b4 {[%clk 0:18:35]} 32. Nd2
{[%clk 0:27:01]} d5 {[%clk 0:16:15]} 33. Kd3 {[%clk 0:25:49]} Ke8
{[%clk 0:15:45]} 34. Kc2 {[%clk 0:22:03]} Kd7 {[%clk 0:15:51]} 35. Kb3
{[%clk 0:22:24]} Be7 {[%clk 0:16:13]} 36. Nf3 {[%clk 0:22:37]} f6
{[%clk 0:16:10]} 37. h4 {[%clk 0:20:44]} h5 {[%clk 0:15:30]} 38. Ne1
{[%clk 0:20:16]} Kc6 {[%clk 0:13:18]} 39. Nd3 {[%clk 0:20:39]} Bd6
{[%clk 0:07:32]} 40. Nxb4+ {[%clk 0:20:13]} Kb5 {[%clk 0:06:51]} 41. Nd3
{[%clk 0:19:14]} g5 {[%clk 0:05:29]} 42. hxg5 {[%clk 0:18:57]} fxg5
{[%clk 0:05:49]} 43. f3 {[%clk 0:16:43]} Be7 {[%clk 0:01:46]} 44. f4
{[%clk 0:14:24]} g4 {[%clk 0:01:37]} 45. Kc3 {[%clk 0:12:59]} h4 {[%clk 0:25:17]}
46. Nf2 {[%clk 0:41:43]} h3 {[%clk 0:17:58]} 47. g3 {[%clk 0:40:31]} Bb4+
{[%clk 0:15:14]} 48. Kd3 {[%clk 0:40:28]} Be1 {[%clk 0:14:34]} 49. Nh1
{[%clk 0:39:19]} Ka4 {[%clk 0:14:20]} 50. e4 {[%clk 0:39:14]} Kb3
{[%clk 0:13:32]} 51. exd5 {[%clk 0:39:02]} exd5 {[%clk 0:13:42]} 52. f5
{[%clk 0:37:50]} Bb4 {[%clk 0:12:50]} 53. Ke3 {[%clk 0:36:42]} Bd6
{[%clk 0:12:32]} 54. f6 {[%clk 0:36:46]} Kxb2 {[%clk 0:12:29]} 55. f7
{[%clk 0:36:36]} Kc3 {[%clk 0:12:31]} 56. f8=Q {[%clk 0:36:41]} Bxf8
{[%clk 0:12:46]} 57. Kf4 {[%clk 0:37:05]} Kxd4 {[%clk 0:12:35]} 58. Kxg4
{[%clk 0:37:22]} h2 {[%clk 0:12:34]} 59. Kh3 {[%clk 0:37:37]} Ke3
{[%clk 0:12:25]} 60. Kxh2 {[%clk 0:37:48]} d4 {[%clk 0:12:28]} 61. Kg2
{[%clk 0:38:06]} d3 {[%clk 0:11:29]} 62. Kf1 {[%clk 0:36:21]} d2 {[%clk 0:11:05]}
63. Nf2 {[%clk 0:36:41]} Bc5 {[%clk 0:08:02]} 64. Nd1+ {[%clk 0:36:05]} Kd3
{[%clk 0:08:01]} 65. Nb2+ {[%clk 0:33:39]} Kc2 {[%clk 0:07:38]} 66. Ke2
{[%clk 0:33:11]} Bd4 {[%clk 0:06:23]} 67. Nd1 {[%clk 0:33:10]} Kc1
{[%clk 0:05:55]} 68. g4 {[%clk 0:31:51]} Kc2 {[%clk 0:05:27]} 69. g5
{[%clk 0:32:08]} Kc1 {[%clk 0:05:46]} 70. g6 {[%clk 0:32:11]} Kc2
{[%clk 0:05:50]} 71. g7 {[%clk 0:29:38]} Bxg7 {[%clk 0:06:14]} 0-1

[Event "MSR_ch16"]
[Site "?"]
[Date "2024.04.08"]
[Round "5.21"]
[White "Visvader, Kristof"]
[Black "Nedeljak, Marek"]
[Result "1-0"]
[BlackElo "1505"]
[WhiteElo "1740"]
[LiveChessVersion "1.4.8"]

1. e4 {[%clk 1:30:50]} c6 {[%clk 1:30:51]} 2. d4 {[%clk 1:31:11]} d5
{[%clk 1:31:02]} 3. f3 {[%clk 1:31:29]} dxe4 {[%clk 1:31:25]} 4. fxe4
{[%clk 1:31:52]} e5 {[%clk 1:31:50]} 5. Nf3 {[%clk 1:17:07]} exd4
{[%clk 1:31:51]} 6. Qxd4 {[%clk 1:17:31]} Qxd4 {[%clk 1:30:57]} 7. Nxd4
{[%clk 1:17:54]} Nf6 {[%clk 1:29:07]} 8. e5 {[%clk 1:09:06]} Ne4 {[%clk 1:23:04]}
9. Bc4 {[%clk 1:03:52]} Bc5 {[%clk 1:19:16]} 10. c3 {[%clk 0:52:53]} f6
{[%clk 1:10:32]} 11. exf6 {[%clk 0:43:50]} Nxf6 {[%clk 1:09:20]} 12. O-O
{[%clk 0:36:04]} Nbd7 {[%clk 1:03:15]} 13. Re1+ {[%clk 0:24:50]} Kd8
{[%clk 0:59:48]} 14. Be3 {[%clk 0:23:27]} Bxd4 {[%clk 0:58:59]} 15. Bxd4
{[%clk 0:23:49]} Re8 {[%clk 0:58:53]} 16. Nd2 {[%clk 0:23:23]} c5
{[%clk 0:58:21]} 17. Bf2 {[%clk 0:22:54]} b6 {[%clk 0:57:18]} 18. Bg3
{[%clk 0:19:57]} Bb7 {[%clk 0:57:17]} 19. Rxe8+ {[%clk 0:14:43]} Kxe8
{[%clk 0:56:41]} 20. Re1+ {[%clk 0:14:28]} Kd8 {[%clk 0:56:13]} 21. Bd6
{[%clk 0:07:38]} Bd5 {[%clk 0:54:25]} 22. Re7 {[%clk 0:04:37]} Bxc4
{[%clk 0:53:42]} 23. Nxc4 {[%clk 0:04:55]} g6 {[%clk 0:53:06]} 24. Kf2
{[%clk 0:04:01]} Rc8 {[%clk 0:52:56]} 25. Kf3 {[%clk 0:02:12]} Rc6
{[%clk 0:53:13]} 26. Re6 {[%clk 0:02:24]} Nd5 {[%clk 0:51:18]} 27. Ke4
{[%clk 0:00:38]} N7f6+ {[%clk 0:51:17]} 28. Ke5 {[%clk 0:00:49]} Kd7
{[%clk 0:51:26]} 29. g4 {[%clk 0:00:34]} b5 {[%clk 0:51:48]} 30. g5
{[%clk 0:00:33]} bxc4 {[%clk 0:51:10]} 31. gxf6 {[%clk 0:00:55]} Nxf6
{[%clk 0:51:28]} 32. Rxf6 {[%clk 0:01:11]} g5 {[%clk 0:50:47]} 33. Rf7+
{[%clk 0:01:17]} Ke8 {[%clk 0:50:50]} 34. Rxa7 {[%clk 0:01:27]} h5
{[%clk 0:51:04]} 35. Ke6 {[%clk 0:01:46]} 1-0

[Event "MSR_ch16"]
[Site "?"]
[Date "2024.04.08"]
[Round "5.22"]
[White "Kyselica, Daniel"]
[Black "Lehocky, Tomas"]
[Result "1-0"]
[BlackElo "1000"]
[WhiteElo "1652"]
[LiveChessVersion "1.4.8"]

1. d4 {[%clk 1:30:55]} d5 {[%clk 1:30:54]} 2. Nc3 {[%clk 1:31:18]} e6
{[%clk 1:30:22]} 3. Bf4 {[%clk 1:31:39]} Nf6 {[%clk 1:30:32]} 4. e3
{[%clk 1:31:57]} g6 {[%clk 1:30:48]} 5. Nf3 {[%clk 1:31:21]} c6 6. Ne5
{[%clk 1:31:07]} Nbd7 {[%clk 1:30:28]} 7. Be2 {[%clk 1:30:02]} Nxe5
{[%clk 1:29:52]} 8. Bxe5 {[%clk 1:27:14]} Bg7 {[%clk 1:28:58]} 9. h4
{[%clk 1:26:26]} h5 {[%clk 1:29:20]} 10. f3 {[%clk 1:25:47]} O-O {[%clk 1:28:13]}
11. Qd2 {[%clk 1:22:21]} Qe7 {[%clk 1:26:48]} 12. O-O-O {[%clk 1:21:08]} b5
{[%clk 1:25:19]} 13. Rdg1 Nd7 {[%clk 1:23:06]} 14. Bxg7 {[%clk 1:20:57]} Kxg7
{[%clk 1:23:23]} 15. g4 {[%clk 1:21:00]} Nf6 {[%clk 1:21:58]} 16. Bd3
{[%clk 1:15:04]} a5 {[%clk 1:20:39]} 17. Ne2 {[%clk 1:14:33]} a4 {[%clk 1:18:33]}
18. gxh5 {[%clk 0:55:31]} Nxh5 {[%clk 1:18:29]} 19. Rg5 {[%clk 0:50:38]} f6
{[%clk 1:15:06]} 20. Rxg6+ {[%clk 0:50:04]} Kf7 {[%clk 1:14:53]} 21. Rh6
{[%clk 0:40:43]} Ng7 {[%clk 1:14:38]} 22. Rh7 {[%clk 0:35:59]} Rg8
{[%clk 1:12:15]} 23. Rg1 {[%clk 0:35:59]} Qf8 {[%clk 1:12:24]} 24. Bg6+
{[%clk 0:35:10]} Ke7 {[%clk 1:12:39]} 25. e4 {[%clk 0:30:52]} Rh8
{[%clk 1:10:15]} 26. Qh6 {[%clk 0:27:01]} Rxh7 {[%clk 1:09:30]} 27. Qxh7
{[%clk 0:25:06]} Bd7 {[%clk 1:08:29]} 28. Bh5 {[%clk 0:24:25]} Qg8
{[%clk 1:06:27]} 29. Rxg7+ {[%clk 0:24:44]} Qxg7 {[%clk 1:04:52]} 30. Qxg7+
{[%clk 0:25:12]} Kd6 {[%clk 1:05:17]} 31. e5+ {[%clk 0:25:18]} fxe5
{[%clk 1:05:28]} 32. Qxe5+ {[%clk 0:25:45]} Ke7 {[%clk 1:05:24]} 33. Nf4
{[%clk 0:25:53]} 1-0

[Event "MSR_ch16"]
[Site "?"]
[Date "2024.04.08"]
[Round "5.23"]
[White "Valach, Alexander"]
[Black "Bado, Samuel"]
[Result "1/2-1/2"]
[BlackElo "1556"]
[WhiteElo "1000"]
[LiveChessVersion "1.4.8"]

1. e4 {[%clk 1:30:50]} e5 {[%clk 1:30:51]} 2. Nf3 {[%clk 1:31:03]} Nc6
{[%clk 1:31:12]} 3. Bc4 {[%clk 1:31:19]} Bc5 {[%clk 1:31:21]} 4. O-O
{[%clk 1:31:19]} Nf6 {[%clk 1:31:35]} 5. Nc3 {[%clk 1:31:17]} O-O
{[%clk 1:31:51]} 6. d3 {[%clk 1:31:15]} d6 {[%clk 1:32:01]} 7. Bg5
{[%clk 1:31:21]} Be6 {[%clk 1:31:51]} 8. Nd5 {[%clk 1:31:26]} Bxd5
{[%clk 1:31:40]} 9. Bxd5 {[%clk 1:31:38]} h6 {[%clk 1:29:32]} 10. Bh4
{[%clk 1:31:57]} Qd7 {[%clk 1:25:40]} 11. Bxf6 {[%clk 1:31:33]} gxf6
{[%clk 1:25:43]} 12. Nh4 {[%clk 1:31:48]} Ne7 {[%clk 1:24:52]} 13. Kh1
{[%clk 1:31:48]} c6 {[%clk 1:24:42]} 14. Bb3 {[%clk 1:31:37]} d5 {[%clk 1:24:01]}
15. exd5 {[%clk 1:30:29]} cxd5 {[%clk 1:24:10]} 16. f4 {[%clk 1:30:42]} Ng6
{[%clk 1:23:46]} 17. Nxg6 {[%clk 1:30:13]} fxg6 {[%clk 1:23:51]} 18. fxe5
{[%clk 1:30:18]} fxe5 {[%clk 1:23:59]} 19. c3 {[%clk 1:30:20]} Rxf1+
{[%clk 1:19:02]} 20. Qxf1 {[%clk 1:30:25]} Rf8 {[%clk 1:19:24]} 21. Qe2
{[%clk 1:30:11]} Qf7 {[%clk 1:15:22]} 22. h3 {[%clk 1:29:50]} Qe6
{[%clk 1:11:39]} 23. d4 {[%clk 1:29:19]} Bd6 {[%clk 1:09:24]} 24. Rf1
{[%clk 1:28:26]} Rxf1+ {[%clk 1:08:13]} 25. Qxf1 {[%clk 1:28:40]} exd4
{[%clk 1:08:11]} 26. cxd4 {[%clk 1:28:44]} Kg7 {[%clk 1:08:03]} 27. Qd1
{[%clk 1:28:20]} Bc7 {[%clk 1:06:35]} 28. Kg1 {[%clk 1:28:24]} Bb6
{[%clk 1:04:48]} 29. Qd2 {[%clk 1:28:08]} Qe5 {[%clk 1:02:27]} 30. Kf1
{[%clk 1:28:00]} Bxd4 {[%clk 1:01:57]} 31. Qb4 {[%clk 1:27:54]} Qf4+
{[%clk 0:54:15]} 32. Ke2 {[%clk 1:27:39]} Qe3+ {[%clk 0:45:44]} 33. Kd1
{[%clk 1:27:35]} Qd3+ {[%clk 0:44:33]} 34. Qd2 {[%clk 1:27:40]} Qxd2+ 35. Kxd2
{[%clk 1:27:52]} Bxb2 {[%clk 0:44:31]} 36. Bxd5 {[%clk 1:28:15]} b6
{[%clk 0:44:32]} 37. Kc2 {[%clk 1:28:39]} Bd4 {[%clk 0:44:39]} 38. Kd3
{[%clk 1:28:48]} Bc5 {[%clk 0:44:21]} 39. Kc4 {[%clk 1:28:55]} Kf6
{[%clk 0:44:17]} 40. Kb5 {[%clk 1:28:53]} a5 {[%clk 0:44:28]} 41. a4
{[%clk 1:29:13]} Ke5 {[%clk 0:43:12]} 42. Bf3 {[%clk 1:29:29]} 1/2-1/2

[Event "MSR_ch16"]
[Site "?"]
[Date "2024.04.08"]
[Round "5.24"]
[White "Horvath, Simon"]
[Black "Vateha, Tobias"]
[Result "1/2-1/2"]
[BlackElo "1528"]
[WhiteElo "1549"]
[LiveChessVersion "1.4.8"]

1. e4 {[%clk 1:30:57]} e6 {[%clk 1:31:00]} 2. d4 {[%clk 1:31:16]} d5
{[%clk 1:31:28]} 3. exd5 {[%clk 1:30:56]} exd5 {[%clk 1:31:57]} 4. Bd3
{[%clk 1:29:18]} Nc6 {[%clk 1:32:16]} 5. c3 {[%clk 1:27:22]} Nge7
{[%clk 1:32:13]} 6. Bg5 {[%clk 1:24:33]} f6 {[%clk 1:31:40]} 7. Bf4
{[%clk 1:23:10]} Bf5 {[%clk 1:31:12]} 8. Bxf5 {[%clk 1:17:02]} Nxf5
{[%clk 1:31:36]} 9. Qe2+ {[%clk 1:13:50]} Qe7 {[%clk 1:27:15]} 10. Qxe7+
{[%clk 1:13:50]} Bxe7 {[%clk 1:27:43]} 11. Bxc7 {[%clk 1:07:21]} Rc8
{[%clk 1:28:01]} 12. Bf4 {[%clk 1:01:31]} O-O {[%clk 1:26:48]} 13. Nf3
{[%clk 1:00:33]} Rfe8 {[%clk 1:26:51]} 14. O-O {[%clk 0:59:26]} Bd6
{[%clk 1:24:01]} 15. Bxd6 {[%clk 0:57:32]} Nxd6 {[%clk 1:24:28]} 16. Na3
{[%clk 0:54:09]} Re2 {[%clk 1:20:55]} 17. b3 {[%clk 0:48:51]} Na5
{[%clk 1:01:45]} 18. Rfc1 {[%clk 0:43:22]} Ne4 {[%clk 1:00:16]} 19. c4
{[%clk 0:42:54]} dxc4 {[%clk 0:59:24]} 20. bxc4 {[%clk 0:42:08]} a6
{[%clk 0:57:57]} 21. Re1 {[%clk 0:40:52]} Rxe1+ {[%clk 0:57:56]} 22. Rxe1
{[%clk 0:41:08]} f5 {[%clk 0:57:27]} 23. Nh4 {[%clk 0:37:49]} Nxc4
{[%clk 0:45:30]} 24. Nxf5 {[%clk 0:35:25]} Kf8 {[%clk 0:45:07]} 25. Nxc4
{[%clk 0:34:06]} Rxc4 {[%clk 0:45:20]} 26. g3 {[%clk 0:32:32]} Ng5
{[%clk 0:38:27]} 27. Kg2 {[%clk 0:31:34]} g6 {[%clk 0:37:55]} 28. Nd6
{[%clk 0:27:10]} Rxd4 {[%clk 0:36:57]} 29. Nxb7 {[%clk 0:27:05]} Rd2
{[%clk 0:37:15]} 30. a4 {[%clk 0:25:37]} Ra2 {[%clk 0:35:55]} 31. Nd6
{[%clk 0:23:42]} Ra3 {[%clk 0:30:57]} 32. Re5 {[%clk 0:20:42]} Rd3
{[%clk 0:24:58]} 33. Rxg5 {[%clk 0:17:43]} Rxd6 {[%clk 0:25:24]} 34. h4
{[%clk 0:17:20]} h6 {[%clk 0:20:55]} 35. Ra5 {[%clk 0:17:32]} Kf7
{[%clk 0:16:53]} 36. f4 {[%clk 0:17:27]} Kf6 {[%clk 0:16:50]} 37. g4
{[%clk 0:16:49]} Rc6 {[%clk 0:11:17]} 38. g5+ {[%clk 0:15:41]} hxg5
{[%clk 0:11:37]} 39. hxg5+ {[%clk 0:15:59]} Kg7 {[%clk 0:11:52]} 40. Kg3
{[%clk 0:15:55]} Rd6 {[%clk 0:10:56]} 41. Kg4 {[%clk 0:15:33]} Rc6
{[%clk 0:11:06]} 42. f5 {[%clk 0:13:44]} Rc4+ {[%clk 0:09:01]} 43. Kf3
{[%clk 0:11:54]} gxf5 {[%clk 0:08:45]} 44. Rxa6 {[%clk 0:10:31]} Rb4
{[%clk 0:07:06]} 45. Rf6 {[%clk 0:08:46]} Rxa4 {[%clk 0:07:00]} 46. Rxf5
{[%clk 0:08:56]} Kg6 1/2-1/2

[Event "MSR_ch16"]
[Site "?"]
[Date "2024.04.08"]
[Round "5.25"]
[White "Rerko, Milos"]
[Black "Bartos, Andrej"]
[Result "0-1"]
[BlackElo "1000"]
[WhiteElo "1543"]
[LiveChessVersion "1.4.8"]

1. e4 {[%clk 1:30:57]} e6 {[%clk 1:30:56]} 2. d4 {[%clk 1:31:14]} d5
{[%clk 1:31:22]} 3. e5 {[%clk 1:30:49]} c5 {[%clk 1:31:43]} 4. c3
{[%clk 1:30:38]} Qb6 {[%clk 1:31:56]} 5. Nf3 {[%clk 1:30:24]} Nc6
{[%clk 1:32:19]} 6. a3 {[%clk 1:26:38]} a5 {[%clk 1:30:08]} 7. Be2
{[%clk 1:24:56]} Bd7 {[%clk 1:30:02]} 8. O-O {[%clk 1:22:25]} a4 {[%clk 1:26:38]}
9. Nbd2 {[%clk 1:19:37]} cxd4 {[%clk 1:25:32]} 10. cxd4 {[%clk 1:18:02]} Nxd4
{[%clk 1:25:46]} 11. Nxd4 {[%clk 1:18:04]} Qxd4 {[%clk 1:26:06]} 12. Nf3
{[%clk 1:14:12]} Qxd1 {[%clk 1:25:36]} 13. Rxd1 {[%clk 1:13:24]} Bc5
{[%clk 1:25:39]} 14. Be3 {[%clk 1:07:28]} b6 {[%clk 1:25:11]} 15. Nd4
{[%clk 1:05:58]} Ne7 {[%clk 1:23:02]} 16. Nb5 {[%clk 0:57:45]} O-O
{[%clk 1:21:29]} 17. Rdc1 {[%clk 0:50:19]} Bxe3 {[%clk 1:20:26]} 18. fxe3
{[%clk 0:50:07]} Nf5 {[%clk 1:18:47]} 19. Rc3 {[%clk 0:44:59]} Rfc8
{[%clk 1:17:19]} 20. Rd1 {[%clk 0:42:24]} Bxb5 {[%clk 1:16:53]} 21. Rxc8+
{[%clk 0:41:44]} Rxc8 {[%clk 1:17:05]} 22. Bxb5 {[%clk 0:41:25]} Nxe3
{[%clk 1:17:13]} 23. Rd3 {[%clk 0:41:23]} Nc4 {[%clk 1:15:03]} 24. Bxc4
{[%clk 0:41:03]} Rxc4 {[%clk 1:15:26]} 25. b3 {[%clk 0:40:11]} axb3
{[%clk 1:15:19]} 26. Rxb3 {[%clk 0:40:19]} Rc6 {[%clk 1:15:18]} 27. Kf2
{[%clk 0:40:04]} f6 {[%clk 1:15:32]} 28. exf6 {[%clk 0:40:14]} gxf6
{[%clk 1:15:45]} 29. Ke3 {[%clk 0:39:22]} e5 {[%clk 1:15:56]} 30. Rb4
{[%clk 0:39:07]} Kf7 {[%clk 1:16:03]} 31. g4 {[%clk 0:38:59]} Ke6
{[%clk 1:15:53]} 32. a4 {[%clk 0:38:59]} Rd6 {[%clk 1:14:53]} 33. Kd3
{[%clk 0:37:50]} h6 {[%clk 1:15:06]} 34. h3 {[%clk 0:37:58]} f5 {[%clk 1:15:17]}
35. Ke3 {[%clk 0:37:31]} f4+ {[%clk 1:15:04]} 36. Kf3 {[%clk 0:37:34]} Rc6
{[%clk 1:14:09]} 37. Rb3 {[%clk 0:36:34]} Kd7 {[%clk 1:13:34]} 38. h4
{[%clk 0:36:15]} Kc7 {[%clk 1:13:17]} 39. Ra3 {[%clk 0:36:19]} Rf6
{[%clk 1:10:32]} 40. a5 {[%clk 0:36:01]} e4+ {[%clk 1:09:10]} 41. Kf2
{[%clk 0:35:48]} f3 {[%clk 1:09:20]} 42. axb6+ {[%clk 0:35:00]} Kxb6
{[%clk 1:09:01]} 43. Re3 {[%clk 0:33:47]} Kc5 {[%clk 1:09:07]} 44. g5
{[%clk 0:32:41]} hxg5 {[%clk 1:09:20]} 45. hxg5 {[%clk 0:32:59]} Rg6
{[%clk 1:09:38]} 46. Rc3+ {[%clk 0:32:01]} Kd4 {[%clk 1:09:56]} 47. Re3
{[%clk 0:32:16]} Rxg5 {[%clk 1:10:16]} 48. Ra3 {[%clk 0:32:09]} Ke5
{[%clk 1:10:11]} 49. Ke3 {[%clk 0:31:52]} d4+ {[%clk 1:10:21]} 50. Kf2
{[%clk 0:31:37]} Kf4 {[%clk 1:10:20]} 51. Rb3 {[%clk 0:30:31]} e3+
{[%clk 1:10:15]} 52. Kf1 {[%clk 0:30:50]} Rh5 {[%clk 1:09:37]} 53. Kg1
{[%clk 0:30:30]} f2+ {[%clk 1:08:40]} 54. Kg2 {[%clk 0:30:20]} Rg5+
{[%clk 1:08:50]} 55. Kf1 {[%clk 0:29:30]} Rg1+ {[%clk 1:09:05]} 56. Ke2
{[%clk 0:29:51]} f1=Q# 0-1